№ 3; Национальные стандарты

Détails bibliographiques
Parent link:Национальные стандарты: Информационный указатель/ Федеральное агентство по техническому регулированию и метрологии. № 3.— , 2004-
Langue:russe
Publié: 2012
Format: Livre
KOHA link:https://koha.lib.tpu.ru/cgi-bin/koha/opac-detail.pl?biblionumber=472652

MARC

LEADER 00000nam2a2200000 4500
001 472652
005 20250401181224.0
035 |a (RuTPU)RU\TPU\prd\138490 
090 |a 472652 
100 |a 20120424a19409999k y0rusy50 ca 
101 0 |a rus 
102 |a RU 
200 0 |a № 3 
210 |d 2012 
461 1 |0 (RuTPU)RU\TPU\prd\23792  |t Национальные стандарты  |o Информационный указатель  |f Федеральное агентство по техническому регулированию и метрологии  |v № 3  |d 2004- 
801 0 |a RU  |b 63413507  |c 20010227  |g PSBO 
801 1 |a RU  |b 63413507  |c 20120424 
801 2 |a RU  |b 63413507  |c 20191202  |g RCR 
942 |c CR